Statistiken für Bilder berühmter deutscher Persönlichkeiten

Klicken Sie hier um das Quiz zu spielen!

Allgemein

  • Dieses Quiz wurde 781 mal gespielt
    (561 seit der letzten Aktualisierung)
  • Das Durchschnittsergebnis liegt bei 8 aus 16

Antwortstatistiken

Antwort% Korrekt
Angela Merkel
97%
Martin Luther
85%
Dirk Nowitzki
78%
Franz Beckenbauer
74%
Steffi Graf
67%
Willy Brandt
67%
Goethe
66%
Nina Hagen
47%
Marlene Dietrich
38%
Claudia Schiffer
36%
Erwin Rommel
33%
Dietmar Hopp
25%
Friedrich der Grosse
23%
Friedrich Nietzsche
21%
Max Weber
2%
Paul Klee
1%

Verteilung der Resultate

Perzentil nach korrekt beantworteten Fragen

Anzahl Personen mit jedem Resultat

Ihre Resultats-Entwicklung

Sie haben dieses Quiz seit der letzten Aktualisierung nicht gespielt